Top 10 kälteste afrikanische Länder - Statistiken

Allgemein
  • Dieses Quiz wurde 60 mal gespielt
  • Das Durchschnittsergebnis liegt bei 7 aus 10
Antwortstatistiken
°C Land °F % Korrekt
12.3 Lesotho 54.1
90%
18.5 Südafrika 65.2
86%
20.4 Namibia 68.7
76%
20.3 Tunesien 68.5
69%
20.1 Marokko 68.2
67%
21.9 Angola 71.3
63%
18.5 Ruanda 65.2
59%
22.0 Simbabwe 71.6
59%
20.2 Burundi 68.3
57%
22.1 Sambia 71.8
49%
Keine übereinstimmenden Quizze gefunden
Verteilung der Resultate
Anzahl Personen mit jedem Resultat
Perzentil nach korrekt beantworteten Fragen
Ihre Resultats-Entwicklung
Sie haben dieses Quiz noch nicht gespielt